Detalles MARC
| 000 -CABECERA |
| campo de control de longitud fija |
01880nam a2200181 a 4500 |
| 001 - NÚMERO DE CONTROL |
| campo de control |
000044904 |
| 005 - FECHA Y HORA DE LA ÚLTIMA TRANSACCIÓN |
| campo de control |
20201002045723.0 |
| 008 - DATOS DE LONGITUD FIJA--INFORMACIÓN GENERAL |
| campo de control de longitud fija |
150119s1997 dr ab 000 0 spa d |
| 020 ## - NÚMERO INTERNACIONAL ESTÁNDAR DEL LIBRO |
| Número Internacional Estándar del Libro |
8482610074 |
| 040 ## - FUENTE DE LA CATALOGACIÓN |
| Centro catalogador/agencia de origen |
DO-SdBNP |
| Lengua de catalogación |
spa |
| Centro/agencia transcriptor |
BNPHU |
| 082 ## - NÚMERO DE LA CLASIFICACIÓN DECIMAL DEWEY |
| Número de clasificación |
xxxxxx |
| Número de documento/Ítem |
xxxxxx |
| 245 00 - MENCIÓN DE TÍTULO |
| Título |
Historia y geografía de América Latina y del Caribe : |
| Resto del título |
curso 2do primer ciclo. / |
| Mención de responsabilidad, etc. |
Roberto Cassá...[et al.] ; dirección editorial Obdulia García de Escobar. |
| 260 ## - PUBLICACIÓN, DISTRIBUCIÓN, ETC. |
| Lugar de publicación, distribución, etc. |
Santo Domingo : |
| Nombre del editor, distribuidor, etc. |
Santillana, |
| Fecha de publicación, distribución, etc. |
1997. |
| 300 ## - DESCRIPCIÓN FÍSICA |
| Extensión |
223 p. : |
| Otras características físicas |
il., map. ; |
| Dimensiones |
27 cm. |
| 500 ## - NOTA GENERAL |
| Nota general |
Libro de texto de educación media |
| 500 ## - NOTA GENERAL |
| Nota general |
Este libro ha sido realizado de conformidad con el currículum vigente y ha sido sometido a la aprobación de la SEEBAC (Secretaría de Estado de Educación Bellas Artes y Cultos). |
| 505 0# - NOTA DE CONTENIDO CON FORMATO |
| Información miscelánea |
unidad 1 -- |
| Título |
Los rasgos generales del medio físico y natural -- |
| Información miscelánea |
unidad 2 -- |
| Título |
Las planicies centrales -- |
| Información miscelánea |
unidad 3 -- |
| Título |
Geografía del Caribe insular y continental -- |
| Información miscelánea |
unidad 4 -- |
| Título |
Poblamiento aborigen y civilizaciones de América -- |
| Información miscelánea |
unidad 5 -- |
| Título |
La formación de las sociedades del Caribe -- |
| Información miscelánea |
unidad 6 -- |
| Título |
La sociedad colonial latinoamericana -- |
| Información miscelánea |
unidad 7 -- |
| Título |
La decadencia del colonialismo en el Caribe -- |
| Información miscelánea |
unidad 8 -- |
| Título |
La lucha por la independencia -- |
| Información miscelánea |
unidad 9 -- |
| Título |
Inicios de la vida independiente -- |
| Información miscelánea |
unidad 10 -- |
| Título |
América Latina en el siglo XX -- |
| Información miscelánea |
unidad 11 -- |
| Título |
América Latina a principios del S. XX -- |
| Información miscelánea |
unidad 12 -- |
| Título |
Las Antillas durante el siglo XX -- |
| Información miscelánea |
unidad 13 -- |
| Título |
La nueva sociedad latinoamericana -- |
| Información miscelánea |
unidad 14 -- |
| Título |
La integración de América Latina -- |
| Información miscelánea |
unidad 15 -- |
| Título |
El umbral del siglo XXI -- |
| Información miscelánea |
unidad 16 -- |
| Título |
El transporte, la comunicación y el comercio -- |
| Información miscelánea |
unidad 17 -- |
| Título |
El sector primario en América Latina -- |
| Información miscelánea |
unidad 18 -- |
| Título |
Industria y energía en América Latina -- |
| Información miscelánea |
unidad 19 -- |
| Título |
América Latina: población y ciudades -- |
| Información miscelánea |
unidad 20 -- |
| Título |
La América anglosajona -- |